000
00286nam a22001217a 4500
082
_a
508
_b
CUR
100
_a
Curle, J.H
_9
49938
245
_a
To-day and To-morrow
_c
J.H.Curle,
300
_a
218,:
526
_a
0
_b
0
_c
0
_d
508_000000000000000_CUR
650
_a
MCE
_9
379
942
_2
ddc
_c
BK
999
_c
552675
_d
552675